Morálku mám v krvi

Bibliographic Details
Main Authors: Valo, Peter (Author, Interviewer), Kronerová, Zuzana, 1952- (Author)
Format: Article
Language:Slovak
PhysicalDescription:Fotogr.
ISSN:0231-6676
Subjects:

MARC

LEADER 00000nab a2200000 ar4500
001 vtls008409054
003 SK-MaSNL
005 20260303190537.0
008 051111c2005 xo wr|p|||||||000 b|slo
015 |a SNBRB2005/11  |2 snkbucl 
038 |a SNKBUCL 
040 |a SNKBUCL  |b slo  |c SNKBUCL  |e AACR2 
041 0 |a slo 
044 |a xo  |c SK 
080 |a 792.071.2  |2 1981 
080 |a Kronerová, Zuzana  |2 1981 
100 1 |a Valo, Peter  |4 aut  |4 ivr  |9 320277 
245 1 0 |a Morálku mám v krvi  |c Peter Valo, Zuzana Kronerová 
300 |b Fotogr. 
600 1 7 |a Kronerová, Zuzana,  |d 1952-  |2 snkbucl  |9 101892 
700 1 |a Kronerová, Zuzana,  |d 1952-  |4 aut  |4 ive  |9 101892 
773 0 |t Slovenka  |g Roč. 58, č. 43 (2005), s. 26-29  |x 0231-6676 
852 |a SNK  |b KIS3GCP 
958 |a BX 
999 |c 2136752  |d 2138682